000 00375 a2200169 4500
001 72744
020 _a8532253040
040 _cAnchieta - Colégio São Paulo
100 _aValério, Gildete
240 1 0 _aDescobrindo a gramática
_lpor
245 1 0 _aDescobrindo a gramática
300 _a256
362 0 _a2004
440 1 _aFTD
650 4 _aPortuguês
942 _cBK
999 _c72744
_d72744